[Event "Campeonato de España por Equip"]
[Site "Burguillos"]
[Date "2009.08.06"]
[Round "2"]
[White "Valmana Canto, Jaime"]
[Black "Picazo Lopez, Juan Antonio"]
[Result "1-0"]
[WhiteElo "2348"]
[BlackElo "2226"]
[PlyCount "45"]
[EventDate "2009.08.05"]
[EventType "team"]
[EventRounds "6"]
[EventCountry "ESP"]
[WhiteTeam "C.A. SILLA"]
[BlackTeam "C.D.E. AJEDREZ TARAZONA"]

1. e4 d5 2. exd5 Nf6 3. d4 Nxd5 4. Nf3 g6 5. Be2 Bg7 6. O-O O-O 7. Re1 Nc6 8.
c3 Bf5 9. Na3 Bg4 10. h3 Bxf3 11. Bxf3 e6 12. Nc4 Nb6 13. Qb3 Nxc4 14. Qxc4 Qd7
15. Bf4 Rac8 16. Qb5 Rb8 17. Re2 Rfc8 18. a4 a6 19. Qb3 b5 20. axb5 axb5 21. d5
Nd8 22. Ra7 exd5 23. Qxd5 1-0

[Event "Campeonato de España por Equip"]
[Site "Burguillos"]
[Date "2009.08.06"]
[Round "2"]
[White "Martinez Lozano, Miguel Angel"]
[Black "Vitor, Antonio"]
[Result "1/2-1/2"]
[WhiteElo "2210"]
[BlackElo "2398"]
[PlyCount "65"]
[EventDate "2009.08.05"]
[EventType "team"]
[EventRounds "6"]
[EventCountry "ESP"]
[WhiteTeam "C.D.E. AJEDREZ TARAZONA"]
[BlackTeam "C.A. SILLA"]

1. e4 Nf6 2. e5 Nd5 3. d4 d6 4. c4 Nb6 5. exd6 exd6 6. Nc3 Nc6 7. Be3 Bf5 8.
Qf3 Qd7 9. h3 Nb4 10. O-O-O O-O-O 11. a3 Nc2 12. c5 Na8 13. g4 Bg6 14. Bg2 c6
15. d5 Nc7 16. dxc6 Qxc6 17. Qxc6 bxc6 18. Bxc6 Be7 19. cxd6 Bxd6 20. Be4 Nxe3
21. fxe3 Bc5 22. Nf3 Rde8 23. Bxg6 Bxe3+ 24. Kc2 hxg6 25. Nd5 Nxd5 26. Rxd5 Bf4
27. Rd4 Re2+ 28. Kb1 g5 29. Rd3 Rg2 30. Rc3+ Kd7 31. Rd1+ Ke7 32. Re1+ Kd7 33.
Rd1+ 1/2-1/2

[Event "Campeonato de España por Equip"]
[Site "Burguillos"]
[Date "2009.08.06"]
[Round "2"]
[White "Calvo Alfonso, Vicente"]
[Black "Campayo Hernandez, Juan"]
[Result "1-0"]
[WhiteElo "2213"]
[BlackElo "2176"]
[PlyCount "62"]
[EventDate "2009.08.05"]
[EventType "team"]
[EventRounds "6"]
[EventCountry "ESP"]
[WhiteTeam "C.A. SILLA"]
[BlackTeam "C.D.E. AJEDREZ TARAZONA"]

1. d4 Nf6 2. Nf3 d5 3. Bf4 c5 4. e3 Nc6 5. c3 e6 6. Nbd2 Bd6 7. Bg3 Qe7 8. Ne5
Nd7 9. Bb5 Ncxe5 10. dxe5 Bc7 11. Qg4 Qf8 12. f4 a6 13. Be2 b5 14. O-O h5 15.
Qf3 g6 16. a4 bxa4 17. Rxa4 Rb8 18. b3 a5 19. Bh4 Bb7 20. Bb5 Ba8 21. Qe2 c4
22. bxc4 Qc5 23. Nb3 Qb6 24. Nd4 Bd8 25. Bf2 Qc7 26. cxd5 Bxd5 27. e4 Ba8 28.
Rc4 Qb7 29. Bc6 Qa6 30. Bxd7+ Kf8 31. f5 Bd5 1-0

[Event "Campeonato de España por Equip"]
[Site "Burguillos"]
[Date "2009.08.06"]
[Round "2"]
[White "Garcia Roman, Daniel"]
[Black "Garrido Dominguez, Jesus"]
[Result "1/2-1/2"]
[WhiteElo "2464"]
[BlackElo "2333"]
[PlyCount "87"]
[EventDate "2009.08.05"]
[EventType "team"]
[EventRounds "6"]
[EventCountry "ESP"]
[WhiteTeam "C.A. MISLATA"]
[BlackTeam "C.A. CIRCULO MERCANTIL"]

1. d4 Nf6 2. c4 d6 3. Nc3 g6 4. e4 Bg7 5. f3 O-O 6. Be3 c5 7. Nge2 Nc6 8. d5
Ne5 9. Nc1 e6 10. Be2 exd5 11. cxd5 Bd7 12. a4 a6 13. a5 b5 14. axb6 Qxb6 15.
Rb1 Ne8 16. N1a2 Qd8 17. O-O f5 18. f4 Nf7 19. e5 dxe5 20. Bxc5 Ned6 21. Nb4
Qa5 22. Bxd6 Qb6+ 23. Kh1 Qxd6 24. Nd3 e4 25. Nf2 Rab8 26. Qd2 Rb4 27. Nfd1 g5
28. fxg5 Rd4 29. Qe3 h6 30. gxh6 Nxh6 31. g3 Rb4 32. Nf2 Bd4 33. Qg5+ Kh7 34.
Nfxe4 Qe5 35. Qd2 fxe4 36. Rxf8 Bxc3 37. Qf4 Qxd5 38. Rd1 Rd4 39. Rh8+ Kxh8 40.
Qxh6+ Kg8 41. Qg6+ Kh8 42. Qh6+ Kg8 43. Qg6+ Kh8 44. Qh6+ 1/2-1/2

[Event "Campeonato de España por Equip"]
[Site "Burguillos"]
[Date "2009.08.06"]
[Round "2"]
[White "Reales Murto, Manuel Jose"]
[Black "Sanchez Romero, Miquel Angel"]
[Result "1/2-1/2"]
[WhiteElo "2303"]
[BlackElo "2251"]
[PlyCount "73"]
[EventDate "2009.08.05"]
[EventType "team"]
[EventRounds "6"]
[EventCountry "ESP"]
[WhiteTeam "C.A. CIRCULO MERCANTIL"]
[BlackTeam "C.A. MISLATA"]

1. e4 e5 2. Nf3 Nc6 3. Bb5 Nf6 4. O-O Bc5 5. Nxe5 Nxe4 6. Qe2 Nxe5 7. Qxe4 Qe7
8. Nc3 Ng6 9. Re1 c6 10. d4 Bb4 11. Bg5 Qxe4 12. Rxe4+ Kf8 13. Bd3 d5 14. Re2
f6 15. Bd2 Bd6 16. Rae1 Bd7 17. g3 Kf7 18. Na4 b5 19. Nc5 Bxc5 20. dxc5 Ne5 21.
Kg2 Bg4 22. Rxe5 fxe5 23. Rxe5 g6 24. Rg5 Bd7 25. h4 Rhg8 26. Bc3 h6 27. Re5
Rae8 28. Rxe8 Rxe8 29. f3 Bf5 30. Kf2 Bxd3 31. cxd3 Ke6 32. d4 Kf5 33. Bd2 h5
34. b4 Ra8 35. a3 Re8 36. Bg5 Ra8 37. Bd2 1/2-1/2

[Event "Campeonato de España por Equip"]
[Site "Burguillos"]
[Date "2009.08.06"]
[Round "2"]
[White "Castro Exposito, Cristobal"]
[Black "Herrera Delgado, Alejandro"]
[Result "0-1"]
[WhiteElo "2027"]
[BlackElo "2297"]
[PlyCount "52"]
[EventDate "2009.08.05"]
[EventType "team"]
[EventRounds "6"]
[EventCountry "ESP"]
[WhiteTeam "C.A. MISLATA"]
[BlackTeam "C.A. CIRCULO MERCANTIL"]

1. d4 Nf6 2. c4 e6 3. Nf3 d5 4. e3 Be7 5. Bd3 O-O 6. O-O b6 7. Nc3 Bb7 8. Qe2
c5 9. Rd1 Qc7 10. b3 Nc6 11. a3 Na5 12. Nd2 dxc4 13. bxc4 Rac8 14. Bb2 Rfd8 15.
dxc5 Qxc5 16. Rac1 Rc7 17. Nb5 Rcd7 18. Bd4 Qc6 19. Nf3 a6 20. Nc3 Nb3 21. Rc2
Rxd4 22. exd4 Nxd4 23. Qe3 Nxc2 24. Bxc2 Rxd1+ 25. Bxd1 Bxa3 26. h3 Qxc4 0-1

[Event "Campeonato de España por Equip"]
[Site "Burguillos"]
[Date "2009.08.06"]
[Round "2"]
[White "Borrego Mata, Enrique"]
[Black "Vega Gutierrez, Sabrina"]
[Result "0-1"]
[WhiteElo "2168"]
[BlackElo "2352"]
[PlyCount "42"]
[EventDate "2009.08.05"]
[EventType "team"]
[EventRounds "6"]
[EventCountry "ESP"]
[WhiteTeam "C.A. CAJAGRANADA (-2)"]
[BlackTeam "C.A. ANAND"]

1. e4 c5 2. Nf3 e6 3. d4 cxd4 4. Nxd4 Nc6 5. Nc3 a6 6. Be3 Nf6 7. Bd3 Qc7 8. f4
Nxd4 9. Bxd4 Qxf4 10. Rf1 Qd6 11. Bf2 Qxh2 12. Qf3 Bd6 13. g3 Qh5 14. Qg2 Be5
15. Be2 Qg5 16. Qf3 b5 17. g4 Bb7 18. Be3 Qg6 19. Bd3 Qxg4 20. Qh1 b4 21. Ne2
Bxe4 0-1

[Event "Campeonato de España por Equip"]
[Site "Burguillos"]
[Date "2009.08.06"]
[Round "2"]
[White "Vega Gutierrez, Belinda"]
[Black "Cabrera Ruiz, Luis"]
[Result "1-0"]
[WhiteElo "2254"]
[BlackElo "2168"]
[PlyCount "67"]
[EventDate "2009.08.05"]
[EventType "team"]
[EventRounds "6"]
[EventCountry "ESP"]
[WhiteTeam "C.A. ANAND"]
[BlackTeam "C.A. CAJAGRANADA (-2)"]

1. e4 c5 2. Nf3 Nc6 3. d4 cxd4 4. Nxd4 Nf6 5. Nc3 e5 6. Ndb5 d6 7. Bg5 a6 8.
Na3 b5 9. Nd5 Be7 10. Bxf6 Bxf6 11. c4 bxc4 12. Nxc4 O-O 13. Nxf6+ Qxf6 14.
Qxd6 Qxd6 15. Nxd6 Nb4 16. Ke2 Rd8 17. Nc4 Be6 18. Kf3 h5 19. h3 h4 20. Ne3 Rd2
21. Bc4 Nc6 22. g4 Rad8 23. Rhd1 a5 24. Nd5 Nd4+ 25. Ke3 Rxd1 26. Rxd1 Bxd5 27.
exd5 g5 28. Ke4 Kf8 29. Kxe5 Nc6+ 30. dxc6 Rxd1 31. c7 Re1+ 32. Kd6 Re8 33. Kd7
Re7+ 34. Kc6 1-0

[Event "Campeonato de España por Equip"]
[Site "Burguillos"]
[Date "2009.08.06"]
[Round "2"]
[White "Jimenez Bernal, Francisco"]
[Black "Camino Carrio, Nicanor"]
[Result "1-0"]
[WhiteElo "2107"]
[BlackElo "2207"]
[PlyCount "121"]
[EventDate "2009.08.05"]
[EventType "team"]
[EventRounds "6"]
[EventCountry "ESP"]
[WhiteTeam "C.A. CAJAGRANADA (-2)"]
[BlackTeam "C.A. ANAND"]

1. Nf3 Nf6 2. c4 c6 3. d4 d5 4. Nc3 a6 5. a4 a5 6. g3 g6 7. Bg2 Bg7 8. O-O O-O
9. Ne5 dxc4 10. Nxc4 Na6 11. e4 Nb4 12. h3 Be6 13. Ne5 Nd7 14. f4 Nxe5 15. dxe5
Qb6+ 16. Kh1 Bc4 17. Re1 Rad8 18. Be3 Qc7 19. Qf3 Nc2 20. Qf2 Nxe1 21. Rxe1 Rd7
22. Bb6 Qb8 23. Qc5 Be6 24. Rd1 Qc8 25. Bxa5 Rxd1+ 26. Nxd1 Qd7 27. Ne3 Qd3 28.
Bb6 Rd8 29. b4 h5 30. h4 f5 31. exf5 Bxf5 32. Nxf5 gxf5 33. b5 cxb5 34. Qxb5
Qxb5 35. axb5 Rc8 36. Ba7 e6 37. Kh2 Rc7 38. b6 Rd7 39. Bb8 Bf8 40. Bc7 Bc5 41.
Bf3 Rh7 42. Kg2 Kf8 43. Kf1 Kg8 44. Ke2 Kf8 45. Kd3 Bf2 46. Kc4 Bxg3 47. Bxb7
Bxh4 48. Bc8 Bf2 49. Bxe6 Bxb6 50. Bxb6 h4 51. Bc5+ Ke8 52. Bxf5 Rg7 53. Bf2
Rc7+ 54. Kd5 h3 55. Bxh3 Rc3 56. Bf5 Rf3 57. Bg6+ Kf8 58. Bc5+ Kg7 59. f5 Rd3+
60. Ke6 Rc3 61. Bd6 1-0

[Event "Campeonato de España por Equip"]
[Site "Burguillos"]
[Date "2009.08.06"]
[Round "2"]
[White "Galvan Ruiz, Mario"]
[Black "Cuesta Bustos, Raul"]
[Result "0-1"]
[WhiteElo "2064"]
[BlackElo "2076"]
[PlyCount "52"]
[EventDate "2009.08.05"]
[EventType "team"]
[EventRounds "6"]
[EventCountry "ESP"]
[WhiteTeam "C.A. ANAND"]
[BlackTeam "C.A. CAJAGRANADA (-2)"]

1. e4 e6 2. d4 d5 3. Nd2 Nf6 4. e5 Nfd7 5. Bd3 c5 6. c3 Nc6 7. Ne2 cxd4 8. cxd4
f6 9. exf6 Nxf6 10. Nf3 Bd6 11. O-O Qc7 12. h3 O-O 13. Be3 e5 14. dxe5 Nxe5 15.
Nxe5 Bxe5 16. Bd4 Bxd4 17. Nxd4 Qf4 18. Ne2 Qg5 19. Qc1 Qh5 20. Nf4 Qh4 21. g3
Qh6 22. h4 Bg4 23. Qd2 Nh5 24. f3 Nxf4 25. gxf4 Rxf4 26. Be2 Bxf3 0-1

[Event "Campeonato de España por Equip"]
[Site "Burguillos"]
[Date "2009.08.06"]
[Round "2"]
[White "De La Torre Suarez, Angel"]
[Black "Romero Sanchez, Jesus"]
[Result "1-0"]
[WhiteElo "2101"]
[BlackElo "2176"]
[PlyCount "55"]
[EventDate "2009.08.05"]
[EventType "team"]
[EventRounds "6"]
[EventCountry "ESP"]
[WhiteTeam "C. ATENEO CACEREÑO 2016"]
[BlackTeam "C.A. LA MERCED DE HUELVA"]

1. d4 d5 2. Nf3 Nf6 3. e3 c6 4. Bd3 Bg4 5. h3 Bh5 6. Nbd2 e6 7. O-O Nbd7 8. b3
Bd6 9. g4 Bg6 10. Bb2 Ne4 11. Kg2 h5 12. Rh1 Qf6 13. Qe2 O-O 14. c4 Rae8 15.
Bxe4 dxe4 16. Nh2 Qh4 17. Rag1 f5 18. gxh5 Bxh5 19. Qe1 f4 20. Ng4 Bb4 21. Kf1
fxe3 22. Qxe3 Bxd2 23. Qxd2 Rf3 24. d5 e5 25. dxc6 Ref8 26. Rh2 Bxg4 27. Rxg4
e3 28. Qd5+ 1-0

[Event "Campeonato de España por Equip"]
[Site "Burguillos"]
[Date "2009.08.06"]
[Round "2"]
[White "Gomez Rebollo, Alfonso Carlos"]
[Black "Lorenzo Grande, Jorge"]
[Result "0-1"]
[WhiteElo "2163"]
[BlackElo "2022"]
[PlyCount "136"]
[EventDate "2009.08.05"]
[EventType "team"]
[EventRounds "6"]
[EventCountry "ESP"]
[WhiteTeam "C.A. LA MERCED DE HUELVA"]
[BlackTeam "C. ATENEO CACEREÑO 2016"]

1. e4 d6 2. d4 Nf6 3. Nc3 e5 4. Nf3 Nbd7 5. Bc4 h6 6. O-O Be7 7. a4 O-O 8. a5
c6 9. Qe2 Qc7 10. Rd1 Re8 11. h3 Nf8 12. d5 Ng6 13. Bb3 c5 14. Ba4 Rf8 15. a6
bxa6 16. Bc6 Rb8 17. b3 Ne8 18. g4 Qd8 19. Kh2 Bg5 20. Nxg5 hxg5 21. Be3 Qf6
22. Rf1 Nf4 23. Bxf4 exf4 24. Qd2 f3 25. Rg1 Qe5+ 26. Rg3 Nf6 27. Re1 Rb4 28.
Qd3 g6 29. Qxf3 Kg7 30. Kg2 Bd7 31. Bxd7 Nxd7 32. Qe3 a5 33. f3 Qf4 34. Kf2 c4
35. Na2 Rb7 36. Rb1 Rc8 37. b4 axb4 38. Rxb4 Rxb4 39. Nxb4 Ne5 40. Qxf4 gxf4
41. Rg1 a5 42. Nc6 Nxc6 43. dxc6 Rxc6 44. Ra1 Rc5 45. Ke2 Kf6 46. h4 Ke5 47. c3
d5 48. exd5 Rxd5 49. Rd1 Rb5 50. Rd4 Rb2+ 51. Kd1 a4 52. Kc1 Rf2 53. Rxc4 a3
54. Ra4 a2 55. Ra5+ Kd6 56. h5 gxh5 57. gxh5 Rxf3 58. h6 Rxc3+ 59. Kb2 Rh3 60.
Kxa2 f6 61. Rf5 Rxh6 62. Rxf4 Ke5 63. Ra4 f5 64. Kb2 Rc6 65. Rb4 f4 66. Ra4 f3
67. Ra1 f2 68. Rh1 Ke4 0-1

[Event "Campeonato de España por Equip"]
[Site "Burguillos"]
[Date "2009.08.06"]
[Round "2"]
[White "Garcia Heras, Ignacio"]
[Black "Hernandez Munoz, Antonio Ramon"]
[Result "0-1"]
[WhiteElo "1848"]
[BlackElo "2146"]
[PlyCount "76"]
[EventDate "2009.08.05"]
[EventType "team"]
[EventRounds "6"]
[EventCountry "ESP"]
[WhiteTeam "C. ATENEO CACEREÑO 2016"]
[BlackTeam "C.A. LA MERCED DE HUELVA"]

1. e4 c5 2. Nf3 d6 3. d4 cxd4 4. Nxd4 Nf6 5. Nc3 a6 6. Bg5 e6 7. f4 Nbd7 8. Qf3
Qc7 9. O-O-O Be7 10. Kb1 b5 11. f5 Ne5 12. Qh3 Nfg4 13. Qh4 h6 14. Bxe7 Qxe7
15. Qxe7+ Kxe7 16. Rd2 g6 17. Be2 b4 18. Na4 Nf2 19. f6+ Kd8 20. Nb6 Nxe4 21.
Rhd1 Nxd2+ 22. Rxd2 Ra7 23. Nf3 Nxf3 24. Bxf3 Kc7 25. Nc4 Rd8 26. Na5 d5 27.
Rd4 Kb6 28. Nb3 a5 29. Rh4 h5 30. Be2 e5 31. h3 Rd6 32. c4 bxc3 33. bxc3 Rxf6
34. c4 Rf2 35. c5+ Kc6 36. Bf3 a4 37. Nc1 Rb7+ 38. Ka1 Bf5 0-1

[Event "Campeonato de España por Equip"]
[Site "Burguillos"]
[Date "2009.08.06"]
[Round "2"]
[White "Campos Parejo, Antonio"]
[Black "Jimenez Martinez, Jose Vicente"]
[Result "0-1"]
[WhiteElo "2141"]
[BlackElo "2235"]
[PlyCount "56"]
[EventDate "2009.08.05"]
[EventType "team"]
[EventRounds "6"]
[EventCountry "ESP"]
[WhiteTeam "C.D. REINA BRILLANTE"]
[BlackTeam "C.D. AJEDREZ LAPUERTA"]

1. d4 g6 2. Nf3 Bg7 3. c3 d6 4. Bg5 Nf6 5. Nbd2 O-O 6. e4 Nc6 7. h3 e5 8. dxe5
Nxe5 9. Nxe5 dxe5 10. Bc4 c6 11. Qf3 h6 12. Bh4 Qe7 13. O-O-O b5 14. Bb3 a5 15.
Qe3 a4 16. Bc2 Be6 17. Kb1 Rfb8 18. f3 Rb7 19. Bf2 Bf8 20. h4 Nh5 21. g4 Nf4
22. Rh2 Rab8 23. Be1 c5 24. Ka1 Ra8 25. Kb1 Qc7 26. Nf1 b4 27. cxb4 cxb4 28.
Rc1 Qc4 0-1

[Event "Campeonato de España por Equip"]
[Site "Burguillos"]
[Date "2009.08.06"]
[Round "2"]
[White "Lara Lopez, Sergio"]
[Black "Diaz Rodriguez, Jose Antonio"]
[Result "1/2-1/2"]
[WhiteElo "2051"]
[BlackElo "2124"]
[PlyCount "90"]
[EventDate "2009.08.05"]
[EventType "team"]
[EventRounds "6"]
[EventCountry "ESP"]
[WhiteTeam "C.D. AJEDREZ LAPUERTA"]
[BlackTeam "C.D. REINA BRILLANTE"]

1. e4 e6 2. Qe2 c5 3. g3 Nc6 4. c3 e5 5. Bg2 d6 6. d3 Nf6 7. Nf3 Be7 8. Nbd2
O-O 9. O-O Be6 10. Rd1 Qd7 11. Nf1 Bh3 12. Ne3 Bxg2 13. Kxg2 g6 14. Nc2 Nh5 15.
Bh6 Rfe8 16. Ne3 Bf8 17. Bxf8 Rxf8 18. d4 exd4 19. cxd4 cxd4 20. Nxd4 Rae8 21.
Nxc6 Qxc6 22. Nd5 f5 23. Rac1 Qa4 24. Nc3 Qb4 25. a3 Qc5 26. b4 Qe5 27. Qc4+
Kh8 28. Qd4 fxe4 29. Nxe4 Qxd4 30. Rxd4 d5 31. Nc3 Rc8 32. Rxd5 Nf6 33. Rc5
Rce8 34. Rc2 Rf7 35. h3 Rd7 36. Re2 Rxe2 37. Nxe2 Rd2 38. Re5 Kg7 39. Kf3 Kf7
40. Nf4 Ra2 41. Re3 a6 42. h4 h6 43. Rc3 Rxf2+ 44. Kxf2 Ne4+ 45. Ke3 Nxc3
1/2-1/2

[Event "Campeonato de España por Equip"]
[Site "Burguillos"]
[Date "2009.08.06"]
[Round "2"]
[White "Fernandez Calzada, Juan A"]
[Black "Ojaos Penalver, Abel"]
[Result "0-1"]
[WhiteElo "1906"]
[BlackElo "1995"]
[PlyCount "94"]
[EventDate "2009.08.05"]
[EventType "team"]
[EventRounds "6"]
[EventCountry "ESP"]
[WhiteTeam "C.D. REINA BRILLANTE"]
[BlackTeam "C.D. AJEDREZ LAPUERTA"]

1. e4 c5 2. Nf3 d6 3. d4 cxd4 4. Nxd4 Nf6 5. Nc3 a6 6. Be2 e6 7. Be3 Be7 8. O-O
Qc7 9. Qd2 b5 10. f3 O-O 11. a3 Bb7 12. Rfd1 Nbd7 13. Rac1 Nb6 14. Nb3 Nc4 15.
Bxc4 bxc4 16. Nd4 Rfd8 17. Qf2 d5 18. exd5 Nxd5 19. Nxd5 Bxd5 20. Ne2 Rab8 21.
b4 cxb3 22. cxb3 Qa5 23. Nd4 Qxa3 24. Ra1 Qd6 25. Qe2 Ra8 26. Rdc1 Bf6 27. Ra4
Rdb8 28. Qc2 Qd7 29. Qe2 Bxb3 30. Nxb3 Rxb3 31. Rac4 h6 32. Rd1 Rxe3 33. Qc2
Qa7 34. Kh1 a5 35. Rc7 Qa6 36. Rc1 Qe2 37. Qb1 g6 38. R7c2 Qd3 39. Rd1 Qb3 40.
Qc1 Rc3 41. Rxc3 Qxc3 42. Qxh6 a4 43. h4 Qe5 44. Qc1 Qg3 45. h5 Qh4+ 46. Kg1
Bd4+ 47. Kf1 Qf2# 0-1

[Event "Campeonato de España por Equip"]
[Site "Burguillos"]
[Date "2009.08.06"]
[Round "2"]
[White "Alcaraz Cordoba, Sergio"]
[Black "Gonzalez Del Campo, Diego"]
[Result "1/2-1/2"]
[WhiteElo "1877"]
[BlackElo "1825"]
[PlyCount "101"]
[EventDate "2009.08.05"]
[EventType "team"]
[EventRounds "6"]
[EventCountry "ESP"]
[WhiteTeam "C.D. AJEDREZ LAPUERTA"]
[BlackTeam "C.D. REINA BRILLANTE"]

1. e4 e5 2. Nf3 Nc6 3. d4 exd4 4. Bc4 Nf6 5. O-O Bc5 6. e5 d5 7. exf6 dxc4 8.
Re1+ Be6 9. fxg7 Rg8 10. Ng5 Qd5 11. Nxe6 fxe6 12. Qg4 O-O-O 13. Qxe6+ Qxe6 14.
Rxe6 Rxg7 15. Bf4 d3 16. c3 Rf7 17. Re4 Bd6 18. Bxd6 Rxd6 19. Nd2 b5 20. b3 Re7
21. Rxe7 Nxe7 22. bxc4 bxc4 23. Nxc4 Rc6 24. Ne3 Rxc3 25. Rd1 c5 26. f4 Ra3 27.
Rd2 Kd7 28. Kf2 Nc8 29. Nc4 Rc3 30. Ne5+ Ke6 31. Nxd3 Nd6 32. Re2+ Kf5 33. Re5+
Kf6 34. Ne1 Ra3 35. Re2 Kf5 36. g3 Ne4+ 37. Kg2 c4 38. Nf3 Nc3 39. Nd4+ Kf6 40.
Rc2 Rxa2 41. Rxa2 Nxa2 42. Nc2 a5 43. Kf3 Nb4 44. Na3 c3 45. Ke3 Kf5 46. h3 h5
47. g4+ hxg4 48. hxg4+ Kxg4 49. Nb5 a4 50. Nxc3 a3 51. Kd4 1/2-1/2

[Event "Campeonato de España por Equip"]
[Site "Burguillos"]
[Date "2009.08.06"]
[Round "3"]
[White "Cruz Ravina, Francisco Javier"]
[Black "Ortiz Suarez, Isan Reynaldo"]
[Result "0-1"]
[WhiteElo "2345"]
[BlackElo "2504"]
[PlyCount "54"]
[EventDate "2009.08.05"]
[EventType "team"]
[EventRounds "6"]
[EventCountry "ESP"]
[WhiteTeam "C.A. ALGECIRAS"]
[BlackTeam "C.A. SILLA"]

1. e4 g6 2. d4 Bg7 3. Nf3 d6 4. Bc4 e6 5. Qe2 a6 6. a4 Ne7 7. O-O b6 8. Nc3 Bb7
9. Bf4 h6 10. h4 Nd7 11. Rad1 O-O 12. Qe3 Kh7 13. h5 g5 14. Bxg5 hxg5 15. Nxg5+
Kh8 16. f4 Bh6 17. g4 Nf6 18. Be2 Bxg5 19. fxg5 Nh7 20. e5 Ng8 21. exd6 cxd6
22. d5 Qxg5 23. Qxb6 Rab8 24. dxe6 Qh4 25. Qxd6 Qh1+ 26. Kf2 fxe6+ 27. Ke3 Qh3+
0-1

[Event "Campeonato de España por Equip"]
[Site "Burguillos"]
[Date "2009.08.06"]
[Round "3"]
[White "Dolezal, Cristian"]
[Black "Montero Melendez, Rafael"]
[Result "0-1"]
[WhiteElo "2391"]
[BlackElo "2249"]
[PlyCount "60"]
[EventDate "2009.08.05"]
[EventType "team"]
[EventRounds "6"]
[EventCountry "ESP"]
[WhiteTeam "C.A. SILLA"]
[BlackTeam "C.A. ALGECIRAS"]

1. e4 e6 2. d4 d5 3. Bd3 dxe4 4. Bxe4 Nf6 5. Bf3 c5 6. Ne2 Nc6 7. c3 e5 8.
Bxc6+ bxc6 9. O-O exd4 10. cxd4 Be7 11. Qa4 Qb6 12. Be3 O-O 13. dxc5 Bxc5 14.
Bxc5 Qxc5 15. Nbc3 Rb8 16. b3 Rb4 17. Qa3 a5 18. Rac1 Qe5 19. Ng3 h5 20. Rfe1
Qg5 21. Nce4 Nxe4 22. Nxe4 Qd5 23. f3 Bf5 24. Red1 Rd4 25. Nf2 Re8 26. Rxd4
Qxd4 27. Qxa5 Re2 28. Rf1 Bd3 29. Qa8+ Kh7 30. Qa4 Qxf2+ 0-1

[Event "Campeonato de España por Equip"]
[Site "Burguillos"]
[Date "2009.08.06"]
[Round "3"]
[White "Osuna Vega, Enrique"]
[Black "Valmana Canto, Jaime"]
[Result "1-0"]
[WhiteElo "2113"]
[BlackElo "2348"]
[PlyCount "155"]
[EventDate "2009.08.05"]
[EventType "team"]
[EventRounds "6"]
[EventCountry "ESP"]
[WhiteTeam "C.A. ALGECIRAS"]
[BlackTeam "C.A. SILLA"]

1. e4 c5 2. Nf3 e6 3. d4 cxd4 4. Nxd4 Nf6 5. Nc3 Nc6 6. Bf4 d6 7. Ndb5 e5 8.
Bg5 a6 9. Na3 b5 10. Nd5 Be7 11. Bxf6 Bxf6 12. c3 O-O 13. Nc2 Rb8 14. Bd3 Be6
15. Nce3 Bg5 16. O-O Ne7 17. Bc2 Bxe3 18. Nxe3 a5 19. Qd2 Qb6 20. Rfd1 Rfd8 21.
Nd5 Bxd5 22. exd5 Rf8 23. Qg5 f6 24. Qh4 g6 25. Rd3 Rf7 26. Rg3 Kg7 27. Rh3 Kg8
28. Rg3 Rc8 29. Rf1 f5 30. Qg5 Kg7 31. Rh3 Rc4 32. Qh6+ Kf6 33. Rg3 Rf4 34. h4
Ng8 35. Qg5+ Kg7 36. h5 Rf6 37. Rh3 h6 38. Qg3 g5 39. Qe3 Qb7 40. g3 Rc4 41.
Rd1 Ne7 42. Qd2 Rc5 43. g4 Rxd5 44. Rd3 Rxd3 45. Qxd3 Qb6 46. Rd2 Kf8 47. gxf5
Nxf5 48. Qf3 g4 49. Qxg4 Ne7 50. Qe4 Nf5 51. Qa8+ Kg7 52. Bxf5 Rxf5 53. Qe8 Rf7
54. Qe6 Rf6 55. Qe7+ Rf7 56. Qxd6 Qb7 57. Qxe5+ Kh7 58. Qd5 Rg7+ 59. Kf1 Qc8
60. Qd3+ Kh8 61. Qd8+ Rg8 62. Qxc8 Rxc8 63. Rd5 b4 64. cxb4 axb4 65. Rb5 Ra8
66. Rxb4 Rxa2 67. Rb5 Kg7 68. Ke2 Kf6 69. Ke3 Ra6 70. b4 Re6+ 71. Kd3 Rd6+ 72.
Kc3 Rd1 73. Rc5 Rc1+ 74. Kd4 Rb1 75. b5 Rb4+ 76. Kd5 Kg5 77. Kc6+ Kf6 78. b6
1-0

[Event "Campeonato de España por Equip"]
[Site "Burguillos"]
[Date "2009.08.06"]
[Round "3"]
[White "Carbonell Bofill, Carlos Eloy"]
[Black "Vinas Guerrero, Carlos A"]
[Result "1-0"]
[WhiteElo "2203"]
[BlackElo "2104"]
[PlyCount "245"]
[EventDate "2009.08.05"]
[EventType "team"]
[EventRounds "6"]
[EventCountry "ESP"]
[WhiteTeam "C.A. SILLA"]
[BlackTeam "C.A. ALGECIRAS"]

1. d4 d5 2. Nf3 Nf6 3. Bg5 Ne4 4. Be3 Nd7 5. g3 e6 6. Bg2 Be7 7. O-O O-O 8. c4
c6 9. Nc3 f5 10. Nd2 Bg5 11. Bxg5 Qxg5 12. e3 b6 13. f4 Qe7 14. Ndxe4 dxe4 15.
a3 Bb7 16. b4 Nf6 17. Qb3 Rfd8 18. Rfd1 Kh8 19. a4 Rab8 20. a5 b5 21. a6 Bc8
22. cxb5 cxb5 23. Bf1 Bd7 24. Ra5 Qe8 25. Be2 Bc6 26. Rc1 Rb6 27. Qb2 Rdb8 28.
Kf2 h6 29. h3 Bd5 30. g4 Bc4 31. Bd1 Qd7 32. Na4 bxa4 33. Rxc4 Nd5 34. Bxa4 Qe7
35. Qe2 Qh4+ 36. Kg2 Rxb4 37. Rxb4 Rxb4 38. gxf5 Nc3 39. Qd2 Rxa4 40. Qxc3 Rxa5
41. Qxa5 Qh5 42. Qd2 Qxf5 43. Qb2 Kh7 44. Qb7 h5 45. Qxa7 Qg6+ 46. Kf2 h4 47.
Qb7 Qg3+ 48. Ke2 Qf3+ 49. Kd2 Qf2+ 50. Kd1 Qxe3 51. a7 Qxd4+ 52. Kc2 Qd3+ 53.
Kb2 Qd2+ 54. Ka3 Qc3+ 55. Ka4 Qc4+ 56. Ka5 Qc5+ 57. Ka6 Qa3+ 58. Kb6 Qd6+ 59.
Qc6 Qd8+ 60. Kb7 Qe7+ 61. Qc7 Qb4+ 62. Kc8 Qf8+ 63. Kd7 Qf7+ 64. Kd6 Qf8+ 65.
Kxe6 Qf6+ 66. Kd5 Qa6 67. Qb8 Qa5+ 68. Ke6 Qa6+ 69. Kf5 Qg6+ 70. Ke5 Qf6+ 71.
Kd5 Qf5+ 72. Kc4 Qe6+ 73. Kd4 Qd7+ 74. Ke5 Qe7+ 75. Kf5 Qd7+ 76. Kg5 Qe7+ 77.
Kg4 Qd7+ 78. Kxh4 Qe7+ 79. Kg3 Qa3+ 80. Kh4 Qe7+ 81. Kg4 Qd7+ 82. f5 Qd1+ 83.
Kf4 Qf3+ 84. Ke5 Qc3+ 85. Kd5 Qd3+ 86. Ke5 Qc3+ 87. Kxe4 Qc4+ 88. Ke5 Qc5+ 89.
Ke6 Qc4+ 90. Kd6 Qd4+ 91. Kc6 Qe4+ 92. Kb6 Qd4+ 93. Ka6 Qa4+ 94. Kb6 Qd4+ 95.
Kc7 Qe5+ 96. Kd8 Qd5+ 97. Ke7 Qc5+ 98. Ke6 Qc4+ 99. Ke5 Qc3+ 100. Ke4 Qc4+ 101.
Kf3 Qd3+ 102. Kf4 Qd2+ 103. Kg4 Qd4+ 104. Kh5 Qd1+ 105. Kh4 Qd4+ 106. Kg5 Qe3+
107. Kh5 Qf3+ 108. Kg5 Qe3+ 109. Qf4 Qxa7 110. Qh4+ Kg8 111. Qc4+ Kh7 112. Qe4
Kg8 113. h4 Qg1+ 114. Kh5 Qd1+ 115. Kg6 Qg1+ 116. Kh5 Qd1+ 117. Qg4 Qd6 118.
Qe2 Kh7 119. Qc2 Qh6+ 120. Kg4 Qf6 121. Qe4 Qc3 122. f6+ g6 123. Qe7+ 1-0

[Event "Campeonato de España por Equip"]
[Site "Burguillos"]
[Date "2009.08.06"]
[Round "3"]
[White "Cramling, Pia"]
[Black "Razmyslov, Alexander"]
[Result "1-0"]
[WhiteElo "2525"]
[BlackElo "2414"]
[PlyCount "113"]
[EventDate "2009.08.05"]
[EventType "team"]
[EventRounds "6"]
[EventCountry "ESP"]
[WhiteTeam "C.A. LAURUS RONDA"]
[BlackTeam "C.A. CIRCULO MERCANTIL"]

1. d4 Nf6 2. Nf3 g6 3. c4 Bg7 4. Nc3 O-O 5. Bg5 c5 6. d5 h6 7. Bh4 Qa5 8. Nd2
e5 9. e3 d6 10. Bd3 a6 11. O-O Nbd7 12. a4 Qc7 13. h3 Nh7 14. f4 exf4 15. exf4
f5 16. Qc2 Rf7 17. g4 Ndf8 18. gxf5 Bxf5 19. Bxf5 Rxf5 20. Nce4 Rh5 21. Nf3 Rf5
22. Bg3 Nf6 23. Nh4 Nxe4 24. Qxe4 Rf6 25. f5 g5 26. Nf3 Qd7 27. Nd2 Nh7 28. Qg4
Rf7 29. Ne4 Nf6 30. Nxf6+ Rxf6 31. Rae1 Qxa4 32. h4 Raf8 33. Re7 R8f7 34. Rxf7
Kxf7 35. hxg5 hxg5 36. Re1 Qc2 37. Qh5+ Kg8 38. Re8+ Rf8 39. Rxf8+ Bxf8 40.
Qxg5+ Bg7 41. Bxd6 Qxb2 42. Bxc5 Kh8 43. Qh5+ Kg8 44. Qe8+ Kh7 45. Qg6+ Kh8 46.
Qh5+ Kg8 47. Qe8+ Kh7 48. Qe4 Qc1+ 49. Kg2 Bf6 50. Qg4 Qb2+ 51. Bf2 Qe5 52. Bg3
Qb2+ 53. Kh3 a5 54. c5 Qa1 55. Qf3 a4 56. c6 bxc6 57. dxc6 1-0